LEADER 01571nam--2200481---450- 001 990000293620203316 005 20050713093045.0 010 $a0-7619-5617-4 035 $a0029362 035 $aUSA010029362 035 $a(ALEPH)000029362USA01 035 $a0029362 100 $a20001121d2000----km-y0itay0103----ba 101 $aeng 102 $aGB 105 $a||||||||001yy 200 1 $aHandbook of social studies in health and medicine$fedited by Gary L. Albrecht, Ray Fitzpatrick and Susan C. Scrimshaw 210 $aLondon$cSage Publications$d2000 215 $aXXVII, 546 p.$d23 cm 410 $12001 461 1$1001-------$12001 606 0 $aServizi sanitari$xBibliografia inglese 606 0 $aServizi sociali$xBibliografia inglese 606 0 $aInterazione sociale$xBibliografia inglese 676 $a016.3621 702 1$aALBRECHT,$bGary L. 702 1$aFITZPATICK,$bRay 702 1$aSCRIMSHAW,$bSusan 801 0$aIT$bsalbc$gISBD 912 $a990000293620203316 951 $aII.6. 870(XV B 766 )$b154370 L.M.$cXV B$d00006286 959 $aBK 969 $aUMA 979 $aPATTY$b90$c20001121$lUSA01$h1201 979 $aPATTY$b90$c20001121$lUSA01$h1655 979 $aPATTY$b90$c20001123$lUSA01$h1417 979 $aPATTY$b90$c20001123$lUSA01$h1418 979 $c20020403$lUSA01$h1637 979 $aPATRY$b90$c20040406$lUSA01$h1621 979 $aCOPAT1$b90$c20050713$lUSA01$h0927 979 $aCOPAT1$b90$c20050713$lUSA01$h0930 996 $aHandbook of social studies in health and medicine$9881280 997 $aUNISA